Cities with the Largest Economies: Americas - Statistics

General Stats
  • This quiz has been taken 39 times
  • The average score is 47 of 55
Answer Stats
Rank GDP (Billions USD) Region Answer % Correct
4 895 Midwest Chicago
97%
5 745 South Dallas-Fort Worth
97%
20 312 Mountains Denver
97%
7 697 South Houston
97%
2 1618 West Coast Los Angeles
97%
16 341 Mexico Mexico City
97%
12 534 South Miami
97%
30 203 Canada Montreal
97%
1 2608 North East New York
97%
13 398 Mountains Phoenix
97%
18 315 West Coast San Diego
97%
3 1202 West Coast San Francisco Bay Area
97%
10 567 West Coast Seattle
97%
14 378 Canada Toronto
97%
42 146 Canada Vancouver
97%
9 571 South Atlanta
94%
8 610 North East Boston
94%
22 256 South Charlotte
94%
11 558 North East Philadelphia
94%
27 219 West Coast Portland
94%
39 176 South America Rio de Janeiro
94%
36 182 South San Antonio
94%
45 129 South America Santiago
94%
6 715 North East Washington D.C.
94%
23 248 South Austin
91%
25 235 South America Buenos Aires
91%
19 315 South America Sao Paulo
91%
24 243 South Tampa
91%
49 121 South America Bogota
88%
17 331 Midwest Detroit
88%
38 178 Mountains Las Vegas
88%
26 227 Midwest St. Louis
88%
46 129 South Jacksonville
85%
15 351 Midwest Minneapolis-St. Paul
85%
54 102 South New Orleans
85%
41 148 Mountains Salt Lake City
85%
31 199 Midwest Indianapolis
82%
35 186 Midwest Kansas City
82%
50 117 Mexico Monterrey
82%
28 217 South Orlando
82%
33 194 Midwest Pittsburgh
82%
40 173 Midwest Cleveland
79%
37 182 Midwest Columbus
79%
44 131 Midwest Milwaukee
79%
29 205 South Nashville
79%
34 190 West Coast Sacramento
79%
21 260 North East Baltimore
76%
55 100 Midwest Oklahoma City
73%
53 103 South Memphis
70%
32 199 Midwest Cincinnati
67%
48 123 North East Hartford
61%
52 112 North East Providence
61%
47 127 North East Virginia Beach/Hampton Roads
48%
51 116 North East Bridgeport
45%
43 133 South Research Triangle
27%
No matching quizzes found
Score Distribution
Percent of People with Each Score
Percentile by Number Answered
Your Score History
You have not taken this quiz